Statystyki dla Państwa Układu Warszawskiego (1955)

Kliknij tutaj aby rozwiązać quiz!

Ogólne statystyki

  • Ten quiz został rozwiązany 43 razy
  • Średni wynik to 7 z 8

Statystyki odpowiedzi

Odpowiedzi% Poprawnych
Polska
97%
Rumunia
95%
Związek Radziecki
95%
Bułgaria
92%
Węgry
92%
Czechosłowacja
90%
NRD
87%
Albania
59%

Rozkład punktacji

Percentyl według liczby udzielonych odpowiedzi

Procent ludzi z każdym wynikiem

Twoja historia wyników

Nie rozwiązałeś tego quizu